000 00362nam a2200121Ia 4500
008 220901s9999||||xx |||||||||||||| ||und||
082 _a620 POO
100 _aPoothia, A.K
_913958
245 0 _aJournal of the institution of engieers for interdisciplinary
250 _aVol. 89 & 90
260 _b The institution of engieers
_c2008 & 2009
650 _aMathematics
999 _c193982
_d193982